[Event "54. Miedzynarodowy Festiwal Szachowy im. Akiby Rubinsteina<br/>OPEN C"]
[Site "Hotel Polanica Resort & Spa ul. Gorska 2"]
[Date "2018-08-21"]
[Round "3.4"]
[White "Kukula, Karol"]
[Black "Zianowicz, Dominik"]
[Result "0-1"]
[WhiteTitle "I"]
[BlackTitle "I+"]
[WhiteElo "1719"]
[BlackElo "1950"]

1. e4 c6 2. d4 d5 3. Nc3 dxe4 4. Nxe4 Bf5 5. Ng3 Bg6 6. h4 h6 7. Nf3 Nd7 8. h5
Bh7 9. Bd3 Bxd3 10. Qxd3 Ngf6 11. Bd2 Qc7 12. O-O-O e6 13. Qe2 Bd6 14. Nf5 Bf8
15. Ng3 O-O-O 16. Ne5 Nb6 17. Ba5 Rd5 18. Bxb6 axb6 19. c4 Ra5 20. Kb1 Bd6 21.
f4 Rf8 22. Ne4 Be7 23. g3 b5 24. Nxf6 Bxf6 25. cxb5 Rxb5 26. Rc1 Rd5 27. Qe4 Rfd8
28. Rc4 Bxe5 29. dxe5 Qb6 30. Rhc1 Kb8 31. Rb4 Rb5 32. Rxb5 Qxb5 33. Qc4 Qxc4
34. Rxc4 Rd3 35. Rc3 Rd1+ 36. Rc1 Rd2 37. Rc2 Rd1+ 38. Rc1 Rd5 39. Rc3 Kc7 40.
Kc2 f6 41. Re3 fxe5 42. fxe5 Kd7 43. Rf3 Ke7 44. Re3 b5 45. b3 b4 46. Re4 c5 47.
g4 Kd7 48. Rf4 Ke7 49. Re4 Kd8 50. Kc1 Rd7 51. Rc4 Rd5 52. Re4 Kc7 53. Rf4 Rd7
54. Kc2 Kc6 55. Rf1 Rd4 56. Rg1 Re4 57. g5 Rxe5 58. gxh6 gxh6 59. Rg6 Rxh5 60.
Rxe6+ Kd5 61. Rg6 Rh2+ 62. Kd3 Rxa2 63. Rxh6 Rb2 64. Rh5+ Kc6 65. Rh8 Rxb3+ 66.
Kc2 Rg3 67. Rb8 Kd5 68. Rh8 Kc4 69. Rh4+ Kb5 70. Kb2 c4 71. Rh8 Rg2+ 72. Kb1 Ka4
73. Rh3 c3 74. Rh1 Kb3 75. Re1 Rb2+ 76. Ka1 Ra2+ 77. Kb1 c2+ 78. Rd1 0-1

[Event "54. Miedzynarodowy Festiwal Szachowy im. Akiby Rubinsteina<br/>OPEN C"]
[Site "Hotel Polanica Resort & Spa ul. Gorska 2"]
[Date "2018-08-21"]
[Round "3.5"]
[White "Jurkiewicz, Joanna"]
[Black "Adamczewski, Jedrzej"]
[Result "0-1"]
[WhiteTitle "I++"]
[BlackTitle "I++"]
[WhiteElo "1663"]
[BlackElo "1930"]

1. e4 c5 2. Nf3 d6 3. d4 cxd4 4. Nxd4 Nf6 5. Nc3 a6 6. a4 g6 7. Be2 Bg7 8. Be3
O-O 9. O-O Nc6 10. Nb3 Na5 11. f3 Be6 12. Nxa5 Qxa5 13. Qe1 Rfc8 14. Bd4 Bc4 15.
Rd1 Bxe2 16. Qxe2 Qb4 17. f4 Rc4 18. Na2 Qxa4 19. b3 Qxa2 20. Qxc4 Qa5 21. b4
Qd8 22. Bxf6 Bxf6 23. e5 Rc8 24. Qb3 Qb6+ 25. Kh1 Bg7 26. exd6 exd6 27. c4 a5
28. Rb1 axb4 29. Qxb4 Qxb4 30. Rxb4 Bc3 31. Ra4 Rc5 32. Rd1 b5 33. cxb5 Rxb5 34.
Kg1 d5 35. Ra8+ Kg7 36. Rd8 d4 37. Kf2 Rb2+ 38. Kf3 h5 39. h3 h4 40. Rd5 Rb3 41.
Kg4 Bb4 42. f5 Rg3+ 43. Kxh4 Rxg2 44. f6+ Kh6 45. R1xd4 Be1# 46. Rd1 0-1

[Event "54. Miedzynarodowy Festiwal Szachowy im. Akiby Rubinsteina<br/>OPEN C"]
[Site "Hotel Polanica Resort & Spa ul. Gorska 2"]
[Date "2018-08-21"]
[Round "3.6"]
[White "Lada, Damian"]
[Black "Czuchnicki, Adam"]
[Result "0-1"]
[WhiteTitle "II"]
[BlackTitle "I+"]
[WhiteElo "1653"]
[BlackElo "1922"]

1. c4 f5 2. g3 Nf6 3. Bg2 g6 4. Nf3 Bg7 5. Nc3 O-O 6. O-O d6 7. d4 Qe8 8. Re1 Qf7
9. b3 Ne4 10. Bb2 Nd7 11. Qc2 Ndf6 12. e3 c6 13. Rad1 g5 14. Nd2 Nxc3 15. Bxc3
f4 16. e4 Qh5 17. e5 Ng4 18. h3 fxg3 19. fxg3 Nf2 20. exd6 exd6 21. Nf3 Nxd1 22.
Qxd1 Bxh3 23. Re7 Bxg2 24. Kxg2 Rae8 25. Rxe8 Rxe8 26. Qd2 Qg4 27. Qd3 h5 28.
Be1 h4 29. Bf2 h3+ 30. Kh2 Rf8 0-1

[Event "54. Miedzynarodowy Festiwal Szachowy im. Akiby Rubinsteina<br/>OPEN C"]
[Site "Hotel Polanica Resort & Spa ul. Gorska 2"]
[Date "2018-08-21"]
[Round "3.7"]
[White "Sypien, Natan"]
[Black "Rycyk, Radoslaw"]
[Result "1/2-1/2"]
[WhiteTitle "I"]
[BlackTitle "I"]
[WhiteElo "1908"]
[BlackElo "1645"]

1. d4 c6 2. c4 d5 3. Nf3 Nf6 4. Nc3 e6 5. Bg5 Nbd7 6. e3 Bd6 7. Bd3 Qc7 8. O-O
O-O 9. cxd5 exd5 10. Rc1 Qa5 11. Qc2 Re8 12. a3 h6 13. Bh4 g5 14. Bg3 Bxg3 15.
hxg3 Qd8 16. Na4 Ne4 17. b4 g4 18. Nd2 Ndf6 19. Nxe4 Nxe4 20. Nc5 Qg5 21. Nxe4
dxe4 22. Bxe4 h5 23. Bd3 h4 24. gxh4 Qxh4 25. g3 Qh3 26. Qc5 Qh6 27. Rfe1 Kg7
28. Bf1 Be6 29. e4 b6 30. Qc3 Kg8 31. Bg2 Rac8 32. Qe3 Qg6 33. d5 cxd5 34. Rxc8
Bxc8 35. Qd4 dxe4 36. Rxe4 Rxe4 37. Bxe4 Bf5 38. Qd8+ Kg7 39. Bg2 Qe6 40. Qg5+
Kf8 41. Qd8+ Kg7 42. Qd2 Qf6 43. Qc1 Be6 44. Be4 Bf5 45. Bb7 Qe7 46. Qc3+ Kg8
47. Bg2 Qd6 48. Qe3 Be6 49. Be4 Kf8 50. Qh6+ Ke7 51. Qg5+ Kd7 52. Qe3 Ke7 53.
Bf5 Qd1+ 54. Kh2 Kd7 55. Qf4 Bxf5 56. Qxf5+ Ke7 57. Qe5+ Kf8 58. Qb8+ Kg7 59.
Qxa7 Qd4 60. Kg1 Qd1+ 61. Kh2 Qd4 62. Qa8 Qxf2+ 63. Qg2 Qd4 64. Qe2 Kf8 65. Kg2
Qd5+ 66. Kh2 Qd8 1/2-1/2

[Event "54. Miedzynarodowy Festiwal Szachowy im. Akiby Rubinsteina<br/>OPEN C"]
[Site "Hotel Polanica Resort & Spa ul. Gorska 2"]
[Date "2018-08-21"]
[Round "3.8"]
[White "Bancarewicz, Aleks"]
[Black "Butyrowski, Marcel"]
[Result "0-1"]
[WhiteTitle "I"]
[BlackTitle "I+"]
[WhiteElo "1649"]
[BlackElo "1896"]

1. e4 c5 2. Nf3 Nc6 3. d4 cxd4 4. Nxd4 g6 5. c4 Nf6 6. Nc3 Nxd4 7. Qxd4 d6 8. Be2
Bg7 9. Be3 O-O 10. Qd2 a5 11. Rc1 a4 12. f3 Qa5 13. O-O Be6 14. Rfd1 Rfc8 15.
Nd5 Qxd2 16. Bxd2 Nxd5 17. cxd5 Bd7 18. Rxc8+ Rxc8 19. Rc1 Bxb2 20. Rxc8+ Bxc8
21. Bb5 a3 22. Kf2 Kg7 23. Ke2 f5 24. h3 Kf6 25. Bf4 fxe4 26. fxe4 g5 27. Bg3
Be5 28. Be1 h5 29. Be8 h4 30. Ba4 Bb2 31. Kf3 e6 32. Bb4 Ke5 33. Bd2 exd5 34.
exd5 Bf5 35. Bb3 Be4+ 36. Kf2 Bxd5 37. Bxd5 Kxd5 38. Bxg5 b5 39. Bd2 Kc4 40. Ke2
b4 41. Kd1 b3 42. Bc1 Bxc1 43. Kxc1 bxa2 44. g4 a1=Q+ 0-1

[Event "54. Miedzynarodowy Festiwal Szachowy im. Akiby Rubinsteina<br/>OPEN C"]
[Site "Hotel Polanica Resort & Spa ul. Gorska 2"]
[Date "2018-08-21"]
[Round "3.9"]
[White "Trzebinski, Patryk"]
[Black "Wisniewski, Jacek"]
[Result "1-0"]
[WhiteTitle "I"]
[BlackTitle "k"]
[WhiteElo "1629"]
[BlackElo "1890"]

1. e4 e5 2. Nf3 Nc6 3. Bc4 Nf6 4. d3 h6 5. Be3 g6 6. Qd2 Bg7 7. Nc3 Ng4 8. O-O-O
Nxe3 9. fxe3 d6 10. Rdf1 O-O 11. Qf2 Na5 12. Nd2 Nxc4 13. Nxc4 Be6 14. Nd2 c6
15. h4 b5 16. h5 g5 17. Ne2 f5 18. exf5 Bxf5 19. Qg1 Qa5 20. a3 b4 21. Nc4 Qc7
22. axb4 d5 23. Na5 Rab8 24. g4 Be6 25. Nb3 Rxb4 26. Rxf8+ Bxf8 27. d4 Qb6 28.
Qg3 Bd6 29. dxe5 Rxg4 30. Qf3 Bxe5 31. Rf1 Kh7 32. Ned4 c5 33. Nxe6 Qxe6 34. Nxc5
Qc8 35. Qf7+ Kh8 36. Qe7 Bg7 37. Ne6 Qg8 38. Nxg7 Re4 39. Qd7 Rxe3 40. Nf5 Re6
41. Ne7 1-0

[Event "54. Miedzynarodowy Festiwal Szachowy im. Akiby Rubinsteina<br/>OPEN C"]
[Site "Hotel Polanica Resort & Spa ul. Gorska 2"]
[Date "2018-08-21"]
[Round "3.10"]
[White "Filipska, Maja"]
[Black "Hasterok, Mateusz"]
[Result "0-1"]
[WhiteTitle "I++"]
[BlackTitle "I"]
[WhiteElo "1616"]
[BlackElo "1868"]

1. e4 c5 2. Nf3 Nc6 3. d4 cxd4 4. Nxd4 Qb6 5. Nb3 Nf6 6. Bd3 e6 7. O-O Be7 8. Nc3
a6 9. Be3 Qc7 10. a3 O-O 11. f4 d6 12. Qf3 b5 13. g4 Rb8 14. g5 Nd7 15. Qh5 g6
16. Qh6 Re8 17. Rf3 Bf8 18. Qh4 Bg7 19. f5 exf5 20. exf5 Nce5 21. Rh3 Nf8 22.
Nd5 Qd8 23. Nf6+ Bxf6 24. gxf6 Nxd3 25. cxd3 Bxf5 26. Rf3 h5 27. Rxf5 Rxe3 28.
Rxh5 gxh5 29. Qg5+ Ng6 30. Qxe3 Qxf6 31. Rf1 Qe5 32. Qf3 Rf8 33. d4 Qe6 34. Nd2
Re8 35. Kh1 h4 36. d5 Qe7 37. Qf5 Rf8 38. Ne4 Qe5 39. Nf6+ Kg7 40. Qf3 Rc8 41.
Nh5+ Kh8 42. Nf6 Rc2 43. Ng4 Qe2 44. Qf6+ Kh7 45. Qxf7+ Kh8 46. Qf6+ Kh7 47. Qf5
Qg2# 0-1

[Event "54. Miedzynarodowy Festiwal Szachowy im. Akiby Rubinsteina<br/>OPEN C"]
[Site "Hotel Polanica Resort & Spa ul. Gorska 2"]
[Date "2018-08-21"]
[Round "4.1"]
[White "Hasterok, Mateusz"]
[Black "Jozwik, Jacek"]
[Result "1-0"]
[WhiteTitle "I"]
[BlackTitle "I+"]
[WhiteElo "1868"]
[BlackElo "1987"]

1. d4 Nf6 2. c4 e6 3. Nc3 Bb4 4. f3 d5 5. a3 Be7 6. e4 dxe4 7. fxe4 e5 8. d5 Bc5
9. Bg5 O-O 10. Qf3 Nbd7 11. Nge2 a5 12. h3 a4 13. Nc1 Bd4 14. Nd3 c5 15. Nb5 Ra6
16. Nxd4 exd4 17. O-O-O Re8 18. Re1 Qa5 19. Bd2 Qb6 20. e5 Qb3 21. exf6 Qxc4+
22. Kb1 Nxf6 23. Rxe8+ Nxe8 24. Ne5 1-0

[Event "54. Miedzynarodowy Festiwal Szachowy im. Akiby Rubinsteina<br/>OPEN C"]
[Site "Hotel Polanica Resort & Spa ul. Gorska 2"]
[Date "2018-08-21"]
[Round "4.2"]
[White "Talik, Patryk"]
[Black "Rudecki, Bartosz"]
[Result "1-0"]
[WhiteTitle "I+"]
[BlackTitle "I"]
[WhiteElo "1973"]
[BlackElo "1810"]

1. d4 Nf6 2. c4 e5 3. d5 c5 4. Nc3 d6 5. e4 g6 6. Bd3 Bg7 7. h4 a6 8. Nge2 Nh5
9. Ng1 Nf6 10. f3 Nh5 11. g4 Nf4 12. Bxf4 exf4 13. Nge2 h5 14. g5 f6 15. e5 fxg5
16. Bxg6+ Kf8 17. e6 Qf6 18. Bc2 g4 19. Kf2 b5 20. Qd3 Ke7 21. Ne4 bxc4 22. Qxc4
Qe5 23. b4 cxb4 24. Qc7+ Nd7 25. Ba4 Rd8 26. Rad1 Rb8 27. Nd4 Qxd4+ 28. Rxd4 Bxd4+
29. Kg2 Be5 30. exd7 Bb7 31. Bc6 Bxc6 32. dxc6 b3 33. axb3 Rxb3 34. Re1 Rxf3 35.
Ng5 Re3 36. Rxe3 fxe3 37. Qxd8+ Kxd8 38. Nf7+ Kc7 39. d8=Q+ Kxc6 40. Nxe5+ dxe5
41. Qf6+ Kd5 42. Qxa6 1-0

[Event "54. Miedzynarodowy Festiwal Szachowy im. Akiby Rubinsteina<br/>OPEN C"]
[Site "Hotel Polanica Resort & Spa ul. Gorska 2"]
[Date "2018-08-21"]
[Round "4.3"]
[White "Zianowicz, Dominik"]
[Black "Majocha, Piotr"]
[Result "1/2-1/2"]
[WhiteTitle "I+"]
[BlackTitle "I"]
[WhiteElo "1950"]
[BlackElo "1801"]

1. d4 Nf6 2. c4 g6 3. Nc3 d5 4. Nf3 Bg7 5. Bg5 Ne4 6. cxd5 Nxc3 7. bxc3 Qxd5 8.
e3 c5 9. Be2 Nc6 10. O-O cxd4 11. cxd4 O-O 12. Qb3 Qxb3 13. axb3 h6 14. Bf4 Be6
15. Rfb1 Nb4 16. Ra4 Nd5 17. Rb2 Nxf4 18. exf4 a6 19. h3 Rfd8 20. Kh2 Rac8 21.
Bc4 Bd7 22. Ra5 Bc6 23. Ne5 Bxe5 24. dxe5 Rd4 25. Kg3 e6 26. Ra1 Bd5 27. Bxd5
Rxd5 28. Kf3 Rc3+ 29. Kg4 Rb5 30. b4 h5+ 31. Kg5 Kg7 32. Ra5 Rb6 33. g3 1/2-1/2

[Event "54. Miedzynarodowy Festiwal Szachowy im. Akiby Rubinsteina<br/>OPEN C"]
[Site "Hotel Polanica Resort & Spa ul. Gorska 2"]
[Date "2018-08-21"]
[Round "4.4"]
[White "Adamczewski, Jedrzej"]
[Black "Andrushchiak, Maxim"]
[Result "0-1"]
[WhiteTitle "I++"]
[BlackTitle ""]
[WhiteElo "1930"]
[BlackElo "1788"]

1. e4 c6 2. d4 d5 3. exd5 cxd5 4. Bd3 Nc6 5. c3 Qc7 6. h3 Bd7 7. Nf3 Nf6 8. O-O
e6 9. Qe2 O-O-O 10. a4 Bd6 11. Na3 Na5 12. b4 Nb3 13. Rb1 Nxc1 14. Rfxc1 Bf4 15.
Nd2 Kb8 16. b5 e5 17. dxe5 Rhe8 18. c4 Rxe5 19. Qd1 Rde8 20. Nf3 R5e7 21. Rc2
Qc5 22. Rb3 d4 23. Nb1 Bc7 24. Nbd2 g5 25. Rb1 g4 26. Nb3 Qd6 27. c5 Qf4 28. Nbxd4
gxf3 29. Nxf3 Re1+ 30. Qxe1 Rxe1+ 31. Rxe1 Qxa4 32. c6 bxc6 33. bxc6 Bxc6 34.
Rec1 Bf4 35. Rc4 Bxc1 36. Rxa4 Bxa4 0-1

[Event "54. Miedzynarodowy Festiwal Szachowy im. Akiby Rubinsteina<br/>OPEN C"]
[Site "Hotel Polanica Resort & Spa ul. Gorska 2"]
[Date "2018-08-21"]
[Round "4.5"]
[White "Czuchnicki, Adam"]
[Black "Trzebinski, Patryk"]
[Result "0-1"]
[WhiteTitle "I+"]
[BlackTitle "I"]
[WhiteElo "1922"]
[BlackElo "1629"]

1. Nf3 d5 2. g3 c5 3. Bg2 Bf5 4. O-O Nc6 5. d4 e6 6. c4 Nf6 7. Nc3 Be7 8. dxc5
Bxc5 9. cxd5 Nxd5 10. Nxd5 Qxd5 11. Qa4 O-O 12. Nh4 Qe5 13. Nxf5 exf5 14. Bxc6
bxc6 15. e3 Qe4 16. Qa5 Bb4 17. Qa6 Rfd8 18. a3 Be7 19. b4 Qc2 20. a4 Bf6 21.
Ra3 Rd1 22. Rxd1 Qxd1+ 23. Qf1 Rd8 24. Ra2 Qxf1+ 25. Kxf1 Rd1+ 0-1

[Event "54. Miedzynarodowy Festiwal Szachowy im. Akiby Rubinsteina<br/>OPEN C"]
[Site "Hotel Polanica Resort & Spa ul. Gorska 2"]
[Date "2018-08-21"]
[Round "4.6"]
[White "Butyrowski, Marcel"]
[Black "Bialik, Nikodem"]
[Result "1-0"]
[WhiteTitle "I+"]
[BlackTitle "II"]
[WhiteElo "1896"]
[BlackElo "1282"]

1. d4 d5 2. c4 e6 3. Nc3 Nf6 4. cxd5 exd5 5. Bg5 Nbd7 6. e3 c6 7. Bd3 Be7 8. Qc2
O-O 9. Nge2 Re8 10. f3 Nf8 11. O-O Nh5 12. Bxe7 Rxe7 13. e4 dxe4 14. fxe4 g6 15.
Rad1 Bg4 16. Rd2 Ne6 17. Bc4 Bxe2 18. Nxe2 Qb6 19. Kh1 Rd8 20. d5 cxd5 21. exd5
Nc5 22. Nc3 Ng7 23. Re2 Rxe2 24. Qxe2 Nf5 25. a3 Nb3 26. Bxb3 Qxb3 27. g4 Nd6
28. Qe7 Qb6 29. b4 Re8 30. Qf6 Qc7 31. h4 Qe7 32. Qxe7 Rxe7 33. Rf6 Ne4 34. Nxe4
Rxe4 35. Rd6 Kf8 36. Rd7 Re7 37. Rd8+ Re8 38. Rxe8+ Kxe8 39. Kg2 Kd7 40. Kf3 Kd6
41. Ke4 f6 42. a4 b6 43. b5 h6 44. h5 gxh5 45. gxh5 f5+ 46. Kxf5 Kxd5 47. Kf6
Kd6 48. Kf7 Kd7 49. Kf8 Kd8 50. Kg7 Ke7 51. Kxh6 Kf6 52. Kh7 Kf7 53. h6 Kf8 54.
Kg6 Kg8 55. Kf6 Kh7 56. Ke7 Kxh6 57. Kd7 Kg7 58. Kc7 Kf7 59. Kb7 Ke7 60. Kxa7
Kd8 61. Kxb6 Kc8 62. Ka7 1-0

[Event "54. Miedzynarodowy Festiwal Szachowy im. Akiby Rubinsteina<br/>OPEN C"]
[Site "Hotel Polanica Resort & Spa ul. Gorska 2"]
[Date "2018-08-21"]
[Round "4.7"]
[White "Duch, Robert"]
[Black "Mike, Patryk"]
[Result "0-1"]
[WhiteTitle "II+"]
[BlackTitle "I+"]
[WhiteElo "1700"]
[BlackElo "1981"]

1. d4 Nf6 2. c4 e6 3. a3 b6 4. Nc3 Bb7 5. Nf3 d5 6. Bg5 Be7 7. Bxf6 Bxf6 8. cxd5
exd5 9. e3 O-O 10. Be2 Nd7 11. Qb3 c6 12. O-O Re8 13. Bd3 Nf8 14. Ne2 g6 15. Ng3
Ne6 16. Rac1 Bg7 17. Rfe1 f5 18. Ne2 Qe7 19. Nf4 Qd6 20. Nxe6 Rxe6 21. Ng5 Re7
22. f4 c5 23. dxc5 bxc5 24. Bf1 Bf6 25. Nf3 Kg7 26. Kf2 Rb8 27. Qc2 Rc8 28. Qd2
Qb6 29. b4 Rec7 30. b5 Re7 31. a4 Qd6 32. a5 Rce8 33. a6 Ba8 34. Rc2 d4 35. exd4
Rxe1 36. Nxe1 Qxd4+ 37. Kg3 Qxd2 38. Rxd2 Rxe1 39. Rd7+ Re7 40. Rd5 0-1

[Event "54. Miedzynarodowy Festiwal Szachowy im. Akiby Rubinsteina<br/>OPEN C"]
[Site "Hotel Polanica Resort & Spa ul. Gorska 2"]
[Date "2018-08-21"]
[Round "4.8"]
[White "Hryn, Aleksandra"]
[Black "Szczesniak, Andrzej"]
[Result "1-0"]
[WhiteTitle "I+"]
[BlackTitle "k"]
[WhiteElo "1688"]
[BlackElo "1962"]

1. e4 e6 2. d4 d5 3. e5 b6 4. c3 Qd7 5. Nf3 Ne7 6. Bd3 Ba6 7. O-O Bxd3 8. Qxd3
Ng6 9. Be3 Be7 10. Nbd2 O-O 11. Rfe1 c5 12. Nf1 Nc6 13. a3 c4 14. Qc2 b5 15. Ng3
a5 16. Ng5 f6 17. exf6 Bxf6 18. Nh3 b4 19. a4 e5 20. dxe5 Ncxe5 21. Bc5 Rfc8 22.
Bd4 Nd3 23. Re2 Bxd4 24. cxd4 Qg4 25. Rd1 Re8 26. Rxd3 cxd3 27. Qxd3 Rxe2 28.
Nxe2 Nh4 29. Nhf4 Re8 30. h3 Qf5 31. Qb5 Ng6 32. Qxe8+ Nf8 33. Kh2 h6 34. Qe5
1-0

[Event "54. Miedzynarodowy Festiwal Szachowy im. Akiby Rubinsteina<br/>OPEN C"]
[Site "Hotel Polanica Resort & Spa ul. Gorska 2"]
[Date "2018-08-21"]
[Round "4.9"]
[White "Wnek, Filip"]
[Black "Sypien, Natan"]
[Result "1-0"]
[WhiteTitle "I"]
[BlackTitle "I"]
[WhiteElo "1695"]
[BlackElo "1908"]

1. c4 b6 2. Nc3 Bb7 3. e4 e5 4. Nf3 Nc6 5. a3 a5 6. d3 Bc5 7. Be2 d6 8. O-O Nge7
9. Be3 Bxe3 10. fxe3 O-O 11. Nh4 Bc8 12. Bg4 g6 13. Qf3 Bd7 14. Qh3 Bxg4 15. Qxg4
Qc8 16. Qg5 Qe6 17. Nd5 Nxd5 18. cxd5 Qe7 19. Qh6 Nd8 20. Rf3 f6 21. Nxg6 hxg6
22. Qxg6+ Qg7 23. Qh5 Nf7 24. Rg3 Ng5 25. h4 Qh7 26. Qg4 Rf7 27. hxg5 fxg5 28.
Qe6 1-0

[Event "54. Miedzynarodowy Festiwal Szachowy im. Akiby Rubinsteina<br/>OPEN C"]
[Site "Hotel Polanica Resort & Spa ul. Gorska 2"]
[Date "2018-08-21"]
[Round "4.10"]
[White "Zabron, Maksym"]
[Black "Bartoszewicz, Marcin"]
[Result "1/2-1/2"]
[WhiteTitle "I"]
[BlackTitle "I++"]
[WhiteElo "1685"]
[BlackElo "1854"]

1. d4 Nf6 2. c4 g6 3. Nc3 Bg7 4. e4 d6 5. f3 O-O 6. Be3 Nc6 7. Nge2 a6 8. Qd2 Rb8
9. d5 Ne5 10. Nd4 c5 11. dxc6 Nxc6 12. Be2 Nxd4 13. Bxd4 Be6 14. O-O Nd7 15. Bxg7
Kxg7 16. Rfd1 Rc8 17. b3 Qa5 18. Qd4+ Qe5 19. Qxe5+ Nxe5 20. Rac1 Rc7 21. Nd5
Bxd5 22. exd5 Rfc8 23. f4 Nd7 24. Rc3 Nc5 25. a4 b6 26. Re3 a5 27. Re1 Re8 28.
Bd1 e6 29. Bf3 Rce7 30. g3 Kf8 31. Bd1 Rc7 32. Bf3 Rce7 33. Bd1 Na6 34. Kf2 Nb4
35. dxe6 fxe6 36. Kf3 Kf7 37. h4 e5 38. fxe5 dxe5 39. Kg4 Nc6 40. Kg5 Nd4 41.
h5 h6+ 42. Kg4 g5 43. Rf1+ Ke6 44. Bf3 Nxf3 45. Rfxf3 Rd8 46. Rf2 Rd4+ 47. Kh3
e4 48. Kg4 Kd6 49. Rfe2 Ke5 50. Rf2 Re6 51. Rf5+ Kd6 52. Rb5 Kc6 53. Kf5 Re8 54.
Re5 Rxe5+ 55. Kxe5 Kc5 56. Rxe4 Rd3 57. Kf6 Rxb3 58. Kg6 Rxg3 59. Kxh6 Rg1 60.
Re5+ Kxc4 61. Rxg5 Rd1 62. Rb5 Ra1 63. Kh7 Rxa4 64. Rxb6 Ra1 65. h6 1/2-1/2

[Event "polanica2018-C"]
[Site "?"]
[Date "2018.08.22"]
[Round "5.1"]
[White "Andrushchiak, Maxim"]
[Black "Talik, Patryk"]
[Result "1/2-1/2"]
[BlackElo "1973"]
[WhiteElo "1788"]
[LiveChessVersion "1.4.8"]

1. d4 {[%clk 1:30:59]} d5 {[%clk 1:20:47]} 2. Nc3 {[%clk 1:31:10]} Bf5
{[%clk 1:20:37]} 3. Bf4 {[%clk 1:31:18]} e6 {[%clk 1:20:33]} 4. e3
{[%clk 1:26:22]} Bd6 {[%clk 1:20:01]} 5. Qd2 {[%clk 1:22:00]} Nf6
{[%clk 1:15:38]} 6. f3 {[%clk 1:22:02]} h5 {[%clk 1:14:20]} 7. Bg5
{[%clk 1:21:10]} Be7 {[%clk 1:11:09]} 8. Bd3 {[%clk 1:16:31]} c6 {[%clk 1:07:06]}
9. Nge2 {[%clk 1:16:08]} Bxd3 {[%clk 0:58:17]} 10. cxd3 {[%clk 1:14:38]} Nbd7
{[%clk 0:58:10]} 11. O-O {[%clk 1:14:27]} e5 {[%clk 0:53:30]} 12. Kh1
{[%clk 1:09:37]} O-O {[%clk 0:49:59]} 13. b3 {[%clk 1:03:05]} Re8
{[%clk 0:44:09]} 14. dxe5 {[%clk 1:00:09]} Nxe5 {[%clk 0:44:28]} 15. Ng3
{[%clk 1:00:17]} d4 {[%clk 0:40:06]} 16. exd4 {[%clk 0:38:51]} Qxd4
{[%clk 0:38:02]} 17. Nf5 {[%clk 0:38:50]} Qxd3 {[%clk 0:30:56]} 18. Qxd3
{[%clk 0:37:40]} Nxd3 {[%clk 0:31:19]} 19. Ne4 {[%clk 0:37:24]} Nxe4
{[%clk 0:19:05]} 20. Nxe7+ {[%clk 0:36:10]} Kh7 {[%clk 0:19:00]} 21. fxe4
{[%clk 0:36:16]} f6 {[%clk 0:19:13]} 22. Bxf6 {[%clk 0:27:51]} gxf6
{[%clk 0:19:37]} 23. Nf5 {[%clk 0:28:05]} Rad8 {[%clk 0:19:23]} 24. Kg1
{[%clk 0:28:05]} Rxe4 {[%clk 0:09:39]} 25. Ng3 {[%clk 0:27:20]} Re5
{[%clk 0:03:06]} 26. Rxf6 {[%clk 0:24:07]} h4 {[%clk 0:03:20]} 27. Nf5
{[%clk 0:23:58]} Rde8 {[%clk 0:00:43]} 28. Rf1 {[%clk 0:23:58]} R8e6
{[%clk 0:00:45]} 29. Rf7+ {[%clk 0:21:23]} Kg8 {[%clk 0:00:47]} 30. Nxh4
{[%clk 0:19:22]} Re1 {[%clk 0:00:51]} 31. h3 {[%clk 0:13:08]} Rxf1+
{[%clk 0:01:06]} 32. Rxf1 {[%clk 0:13:24]} Re2 {[%clk 0:01:02]} 33. Rd1
{[%clk 0:13:15]} Nc5 {[%clk 0:00:43]} 34. b4 {[%clk 0:13:17]} Ne6
{[%clk 0:00:45]} 35. a3 {[%clk 0:11:15]} Re4 {[%clk 0:00:47]} 36. Nf5
{[%clk 0:10:48]} Re5 {[%clk 0:00:37]} 37. g4 {[%clk 0:09:12]} Nf4
{[%clk 0:00:35]} 38. Kh2 {[%clk 0:09:06]} Nd5 {[%clk 0:01:00]} 39. Kg3
{[%clk 0:08:46]} Kh7 {[%clk 0:00:39]} 40. Rd3 {[%clk 0:08:26]} Re1
{[%clk 0:00:40]} 41. Rf3 {[%clk 0:07:18]} Rg1+ {[%clk 0:00:42]} 42. Kh4
{[%clk 0:07:35]} Kg6 {[%clk 0:00:52]} 43. Ne3 {[%clk 0:06:28]} Nf6
{[%clk 0:00:35]} 44. Nc4 {[%clk 0:06:02]} Re1 {[%clk 0:00:46]} 45. Nd6
{[%clk 0:05:25]} b6 {[%clk 0:00:41]} 46. Nc4 {[%clk 0:04:45]} Re4
{[%clk 0:00:37]} 47. Ne3 {[%clk 0:04:28]} c5 {[%clk 0:00:46]} 48. bxc5
{[%clk 0:04:38]} bxc5 {[%clk 0:01:07]} 49. Kg3 {[%clk 0:04:14]} c4
{[%clk 0:01:14]} 1/2-1/2